00395nam a2200133Ia 450000500170000000800460001703700120006304000200007504100130009508400220010824500480013026000690017830000140024720250508154133.0008 250505s9999 xx 000 0 eng d aTextual aFEDLbengcFEDL aeng2eng a620.09, INSqFEDL 0aFinal report on engineering manpower survey aNew Delhi, India bInstitute of Applied Manpower Research c1966 aiii,237p.